Costumes Mask Singer saison 6 - Statistiques

Statistiques générales
  • Ce quiz a été pris 145 fois
  • Le résultat moyen est 9 sur 12
Statistiques - réponses
Saison Costumes % Correct
6 Popcorn
92%
6 Léopard
91%
6 Perle
85%
6 Cornichon
84%
6 Hamster
84%
6 Hippopotame
82%
6 Epouvantail
79%
6 Libellule
75%
6 Main
75%
6 Geishamouraï
72%
6 Lémurien
67%
6 Robolapin
62%
Aucun quiz correspondant
Distribution des résultats
% des personnes avec chaque résultat
Percentile par nombre de réponses
Votre historique - résultats
Vous n’avez pas pris ce quiz